Statistics for US States Breakdown Puzzle #3

Click here to take the quiz!

General Stats

  • This quiz has been taken 1,098 times
  • The average score is 19 of 30

Answer Stats

HintAnswer% Correct
Fitness centerGYM
95%
US space agencyNASA
94%
Japanese wrestlingSUMO
89%
Eye part; flowerIRIS
87%
ARKANSAS
83%
Boats like Noah'sARKS
82%
Bond author FlemingIAN
77%
MISSOURI
77%
TidyNEAT
76%
ConcealedHIDDEN
75%
Oak nutACORN
71%
Country hotelINN
70%
WYOMING
68%
Of the sunSOLAR
67%
Doing needleworkSEWING
62%
LOUISIANA
61%
Pinot drunkardWINO
61%
Spice girl HalliwellGERI
60%
_____ May AlcottLOUISA
59%
INDIANA
55%
GEORGIA
47%
MINNESOTA
45%
RHODE ISLAND
45%
Opera set in EgyptAIDA
43%
Graceland's PaulSIMON
40%
Small Indian stateGOA
39%
WEST VIRGINIA
38%
NORTH CAROLINA
37%
Quiz show materialTRIVIA
33%
Harry's Hungarian dragonHORNTAIL
17%

Score Distribution

Percentile by Number Answered

Percent of People with Each Score

Your Score History

You have not taken this quiz